000 00821cab a2200241 4500
001 WB3507-40
008 090401t1999 xxu||||| |||| 00| 0 eng d
035 _a(Sirsi) u91341
041 _aeng
245 _aWind of change for rubbish tips
260 _c1999
350 _a0
490 _aSunday Business
_v14 February 1999, 9(2)
520 _aA European directive on landfill waste which the UK government is intending to adopt will have a huge impact on the waste management industry. It stipulates that no more than 35% of biodegradable municipal solid waste will be allowed to go to landfill by 2020.
650 _aHOUSEHOLD WASTE
650 _aLANDFILL TAX
650 _aRECYCLED WASTE
650 _aRUBBISH TIPS
650 _aWASTE MANAGEMENT
690 _aLAND
942 _n0
948 _c16/02/1999
999 _c57968
_d57968